الغدد الصم في اللافقريات / (Record no. 21785)

MARC details
000 -LEADER
fixed length control field 00577nam a22001817a 4500
005 - DATE AND TIME OF LATEST TRANSACTION
control field 20251108165207.0
008 - FIXED-LENGTH DATA ELEMENTS--GENERAL INFORMATION
fixed length control field 250721s1990 xx 000 0 ara d
082 14 - DEWEY DECIMAL CLASSIFICATION NUMBER
Classification number 592/شار
100 1# - MAIN ENTRY--PERSONAL NAME
Personal name الشاروك، زهير محمد عبد الله
245 10 - TITLE STATEMENT
Title الغدد الصم في اللافقريات /
264 1# - PRODUCTION, PUBLICATION, DISTRIBUTION, MANUFACTURE, AND COPYRIGHT NOTICE
Place of production, publication, distribution, manufacture الموصل :
Name of producer, publisher, distributor, manufacturer دار الحكمة للطباعة و النشر،
Date of production, publication, distribution, manufacture, or copyright notice 1990.
300 ## - PHYSICAL DESCRIPTION
Extent 203ص
650 17 - SUBJECT ADDED ENTRY--TOPICAL TERM
Topical term or geographic name as entry element الحيوانات
650 17 - SUBJECT ADDED ENTRY--TOPICAL TERM
Topical term or geographic name as entry element اللافقريات
700 1# - ADDED ENTRY--PERSONAL NAME
Personal name كوركيس، نجم شليموس
942 ## - ADDED ENTRY ELEMENTS (KOHA)
Source of classification or shelving scheme Dewey Decimal Classification
Koha item type Books
Holdings
حالة السحب حالة الفقدان مصدر التصنيف حالة التلف غير قابل للإعارة المكتبة الرئيسية المكتبة الحالية موقع الرف تاريخ التزويد الرقم المتسلسل Total Checkouts رقم الإستدعاء الباركود تاريخ آخر ظهور تاريخ الفاتورة نوع المادة (كوها)
    Dewey Decimal Classification     المكتبة المركزية المكتبة المركزية الأطفال 06/07/2004 176846   592/شار 176846 28/07/2025 06/07/2004 Books
    Dewey Decimal Classification     المكتبة المركزية المكتبة المركزية الإعارة 07/10/2015 1613207   592/شار PLD00353083 28/07/2025 07/10/2015 Books
    Dewey Decimal Classification Unchecked   مكتبة الأميرة ايمان العامة مكتبة الأميرة ايمان العامة الإعارة 06/07/2004 7181   592/شار   28/07/2025 06/07/2004 Books
    Dewey Decimal Classification Unchecked   مكتبة الأميرة ايمان العامة مكتبة الأميرة ايمان العامة الإعارة 06/07/2004 1574   592/شار   28/07/2025 06/07/2004 Books
    Dewey Decimal Classification     مكتبة الأميرة ايمان العامة مكتبة الأميرة ايمان العامة الإعارة 21/10/2013 [7181]   592/شار PLD00283410 28/07/2025 21/10/2013 Books
Implemented & Customized by: BBB with SCIT (Smart Chains for Information Technology)

Powered by Koha